| 000 | 00705nam a22002057a 4500 | ||
|---|---|---|---|
| 005 | 20240708121101.0 | ||
| 010 | _aENG-140779 | ||
| 020 |
_c330.00 _a9788195320578 |
||
| 035 | _aEN-124311 | ||
| 037 | _bDBAD | ||
| 082 |
_a343.5403 _22 |
||
| 100 |
_aBangia, Harshul _968203 |
||
| 245 |
_aGeneral Financial Rules, 2017: _bAlong with Government of India Decisions/ _cCompiled by, Harshul Bangia |
||
| 250 | _a2 | ||
| 260 |
_aNewDelhi _bSumedha Publishing House _c2022 |
||
| 270 |
_bNew Delhi _aUG-Ansal Chamber-1, 3 Bhikaji cama Place _e110066 _k26104004 _k9891591329 |
||
| 300 |
_axxiii, 260p. _c24cm (pb) |
||
| 500 | _aAs Amended upto 2022 (July) | ||
| 942 |
_2ddc _cEN _h343.5403 _mBAN _e2 |
||
| 999 |
_c203989 _d203989 |
||